• 首页
  • 本馆介绍
  • 公告通知
  • 最新文献
  • 馆藏检索
  • 电子资源
  • 读者导购
  • 参考咨询
  • 我的图书馆
  • 登录
  • 详细信息显示
  • 放入我的书架
  • 预约/预借图书
  • 作者相关作品
  • 分类相关作品
  • 丛书相关作品
  • 出版社相关作品

书目信息

  • 表格格式
  • 工作单格式
  • 卡片格式
题名:
寻求企业最佳管理法
    
 
作者: 彼得斯 , 沃特曼 著 ;周维伯 , 薛琴珍 , 黄建明 译
分册:  
出版信息: 北京   新华出版社  1985
页数: 446页
开本: 19cm
丛书名:
单 册:
中图分类: F471.25
科图分类:
主题词: 企业管理--美国 , 工业经济 , 国际贸易
电子资源:
ISBN:
000 00979nam0 2200325 45
001 0185001653
005 20040430145733.9
010    @dCNY1.80
091    @a4203.021
100    @a19900816d1985 emky0chiy0121 ea
101 1  @achi@ceng
102    @aCN@b110000
105    @ay z 000yy
106    @ar
200 10 @a寻求企业最佳管理法@Axun qiu qi ye zui jia guan li fa@e美国最佳公司经验教训@f(美)彼得斯, (美)沃特曼著@g周维伯等译
210    @a北京@c新华出版社@d1985
215    @a446页@d19cm
517 1  @a美国最隹公司经验教训@Amei guo zui cui gong si jing yan jiao xun
606    @a企业管理@y美国
606 0  @a工业经济
606 0  @a国际贸易
690    @aF471.25
701  1 @a彼得斯@Abi de si@4著
701  1 @a沃特曼@Awo te man@4著
702  0 @a周维伯@Azhou wei bo@4译
702  0 @a薛琴珍@Axue qin zhen@4译
702  0 @a黄建明@Ahuang jian ming@4译
801  0 @aCN@b深圳图书馆@c20040430
801  2 @aCN@bNLC@c20040430
905    @f2@b156192-193@dF471.25@e10
    
    寻求企业最佳管理法:美国最佳公司经验教训/(美)彼得斯, (美)沃特曼著/周维伯等译.-北京:新华出版社,1985
    446页;19cm
    
    
    ISBN :CNY1.80
    
●
相关链接 在E读中查询图书 在五车中查询图书 在当当中查询图书 在豆瓣中查询图书


正题名:寻求企业最佳管理法     索取号:F471.25/10         预约/预借

序号 登录号 条形码 馆藏地/架位号 状态 备注
1 0156192   000487583   第一借阅区/ [索取号:F471.25/10] 在馆    
2 0156193   000487574   密集书库/ [索取号:F471.25/10] 在馆    
3 0156194   000487565   第一样本阅览室/ [索取号:F471.25/10] 在馆    
唐山师范学院图书馆 欢迎您!
大连网信软件有限公司© 版权所有